|
|
|
|
| LEADER |
00000nam0a2200000 4500 |
| 001 |
373941 |
| 005 |
20231102012618.0 |
| 035 |
|
|
|a (RuTPU)RU\TPU\retro\31373
|
| 035 |
|
|
|a RU\TPU\book\249475
|
| 090 |
|
|
|a 373941
|
| 100 |
|
|
|a 20221216d1971 k y0rusy50 ca
|
| 101 |
0 |
|
|a rus
|
| 102 |
|
|
|a RU
|
| 105 |
|
|
|a a z 001zy
|
| 200 |
1 |
|
|a Эксплуатация магистральных газопроводов
|
| 205 |
|
|
|a 2-е изд., перераб. и доп.
|
| 210 |
|
|
|a Ленинград
|c Недра
|d 1971
|
| 215 |
|
|
|a 248 с.
|c ил.
|
| 320 |
|
|
|a Библиогр.: с. 245.
|
| 606 |
1 |
|
|a Газопроводы магистральные
|x Эксплуатация
|x Организация труда
|2 stltpush
|3 (RuTPU)RU\TPU\subj\5135
|9 33280
|
| 610 |
1 |
|
|a газ
|
| 610 |
1 |
|
|a подготовка
|
| 610 |
1 |
|
|a транспортирование
|
| 610 |
1 |
|
|a линейная часть
|
| 610 |
1 |
|
|a устройство
|
| 610 |
1 |
|
|a обслуживание
|
| 610 |
1 |
|
|a ремонт
|
| 610 |
1 |
|
|a технический надзор
|
| 610 |
1 |
|
|a почвенная коррозия
|
| 610 |
1 |
|
|a электрохимическая защита
|
| 610 |
1 |
|
|a автоматизация
|
| 610 |
1 |
|
|a телемеханизация
|
| 610 |
1 |
|
|a безопасность
|
| 675 |
|
|
|a 622.691.4.004
|v 3
|
| 700 |
|
1 |
|a Котляр
|b И. Я.
|g Иосиф Яковлевич
|
| 701 |
|
1 |
|a Пиляк
|b В. М.
|g Владимир Матвеевич
|
| 801 |
|
1 |
|a RU
|b 63413507
|c 20121224
|
| 801 |
|
2 |
|a RU
|b 63413507
|c 20221216
|g RCR
|
| 942 |
|
|
|c BK
|